00327nam a2200109Ia 4500008004100000082001500041100001500056245004600071260005200117630001800169650003000187211109s9999||||xx |||||||||||||| ||und|| a320bVAR-M aVarma, S P 0aModren Political Theory:A Critical Survey bVikas Publishing House Pvt LtdaGhaziabadc1974 xgeneral stack asocial sciencevGeneralia